| 000 | 02026nam a2200553 i 4500 | ||
|---|---|---|---|
| 001 | 24570 | ||
| 003 | KOSZ 005 | ||
| 005 | 20200713143645.0 | ||
| 008 | 980702s1995 pl a f |000 0 pol | ||
| 015 | _aUWD 1996/9926 | ||
| 020 | _a837051040X | ||
| 035 | _a991004198249705066 | ||
| 035 | _a(PL-WaBN)b11113224-48omnis_nlop | ||
| 035 | _ab11113224 | ||
| 035 | _a(OCoLC)830112055 | ||
| 035 | _a(PL)b0000001111322 | ||
| 035 | _a(EXLNZ-48OMNIS_NETWORK)9910059040905606 | ||
| 040 |
_aWA N _cWA N _dKOSZ 005/EG |
||
| 041 | _apol | ||
| 046 | _k1995 | ||
| 080 | _a504.4 | ||
| 080 | _a574.5 | ||
| 080 | _a556 | ||
| 080 | _a(076) | ||
| 100 | 1 |
_aKrólak, Elżbieta _d(1954- ) _eAutor |
|
| 245 | 1 | 0 |
_aWody i ich zanieczyszczenia : _bmateriały do ćwiczeń dla studentów biologii / _cElżbieta Królak, Anna Stańczykowska-Piotrowska ; Wyższa Szkoła Rolniczo-Pedagogiczna w Siedlcach. |
| 260 |
_aSiedlce : _bWydawnictwa Uczelniane WSR-P, _c1995. |
||
| 300 |
_a83 s. : _brys., wykr. ; _c24 cm. |
||
| 336 |
_aTekst _btxt _2rdacontent |
||
| 337 |
_aBez urządzenia pośredniczącego _bn _2rdamedia |
||
| 338 |
_aWolumin _bnc _2rdacarrier |
||
| 380 | _aKsiążki | ||
| 380 | _aPublikacje dydaktyczne | ||
| 385 |
_mPoziom nauczania _aSzkoły wyższe |
||
| 388 | _a1901-2000 | ||
| 388 | _a1989-2000 | ||
| 490 | 1 |
_aWybrane zagadnienia z ochrony środowiska / Elżbieta Królak, Anna Stańczykowska-Piotrowska ; _vcz. 1 |
|
| 504 | _aBibliogr. s. 82-83. | ||
| 650 | 7 |
_aWoda _2DBN |
|
| 650 | 7 |
_aChemia _2DBN |
|
| 650 | 7 |
_aDegradacja środowiska _2DBN |
|
| 655 | 7 |
_aĆwiczenia i zadania dla szkół wyższych _2DBN |
|
| 658 | _aOchrona środowiska | ||
| 700 | 1 |
_aStańczykowska-Piotrowska, Anna _d(1932- ) _eAutor |
|
| 800 | 1 |
_aKrólak, Elżbieta _d(1954- ) _tWybrane zagadnienia z ochrony środowiska ; _vcz. 1 |
|
| 856 |
_uhttp://koha.tu.koszalin.pl/cgi-bin/koha/opac-detail.pl?biblionumber=24570 _yKatalog online BPK |
||
| 942 |
_2UKD _cKS |
||
| 999 |
_c24570 _d24570 |
||